000 00814cam a2200133 4500500
005 20260329064618.0
041 _afre
042 _adc
100 1 0 _aRicalens-Pourchot, Nicole
_eauthor
245 0 0 _aLexique des figures de style
260 _bArmand Colin,
_c2010.
520 _aCet ouvrage permet à tous ceux qui étudient la langue française de se familiariser aisément avec les figures de style grâce à : -  une présentation claire et un langage accessible ; - un slogan ou un condensé de la définition ; - de nombreux exemples et des remarques faisant état des nuances existant entre les différentes figures dont l’étymologie est donnée systématiquement. 
856 4 1 _uhttps://shs.cairn.info/lexique-des-figures-de-style--9782200249366?lang=fr&redirect-ssocas=7080
999 _c2016195
_d2016195